[Event "Tata Steel Tienkampen 2023"]
[Site "Wijk aan Zee"]
[Date "2023.01.21"]
[Round "2.1"]
[White "Lopez, Jasel"]
[Black "Pijpers, Arthur"]
[Result "1/2-1/2"]
[WhiteElo "2434"]
[BlackElo "2445"]
[Annotator "TA"]
[PlyCount "51"]
[EventDate "2023.01.20"]
[EventType "swiss"]
[EventCountry "NED"]
[SourceTitle "playchess.com"]
[Source "ChessBase"]
[SourceQuality "1"]

{[%evp 9,51,0,7,7,3,-8,0,0,12,8,11,0,0,0,0,0,0,-9,0,0,0,0,0,0,0,0,0,0,9,0,5,6,0,0,0,0,0,0,0,0,0,0,0,0]} 1. c4 {[%emt 0:00:03]} Nf6 {[%emt 0:00:15]} 2. Nc3 {[%emt 0:00:19]} d5 {[%emt 0:00:29]} 3. cxd5 {[%emt 0:04:52]} Nxd5 {[%emt 0:00:07]} 4. e4 {[%emt 0:00:07]} Nxc3 {[%emt 0:00:12]} 5. dxc3 {[%emt 0:00:07]} Qxd1+ {[%emt 0:00:11] The position is equal.} 6. Kxd1 {[%emt 0:00:06] A16: English Opening: 1...Nf6 with ...d5.} e5 {[%emt 0:02:15] Dodges Bf4} 7. Be3 {[%emt 0:01:19]} Be6 {[%emt 0:06:42]} 8. Nf3 {[%emt 0:02:26]} f6 {[%emt 0:00:11]} 9. Nd2 {[%emt 0:05:28]} Nd7 {[%emt 0:10:49]} 10. Bb5 {[%emt 0:00:51] [#]} Kf7 $146 {[%emt 0:09:24]} ({Predecessor:} 10... O-O-O 11. Kc2 Nb6 12. a4 c6 13. Be2 Kc7 14. a5 Nc8 15. b4 Be7 16. Rhb1 f5 {1-0 Jagiela,P (2065)-Przezdziecka,E (1970) Wroclaw-ch 2003 (8)}) 11. Kc2 {[%emt 0:03:54]} a6 {[%emt 0:05:58]} 12. Bc4 {[%emt 0:09:01]} Bc5 {[%emt 0:00:29]} 13. Rae1 {[%emt 0:00:37]} Rhd8 {[%emt 0:04:34]} 14. Bxe6+ {[%emt 0:16:12]} Kxe6 {[%emt 0:00:02]} 15. Nb3 {[%emt 0:00:10]} Bxe3 {[%emt 0:01:45]} 16. Rxe3 {[%emt 0:00:13]} a5 {[%emt 0:00:39]} 17. a4 {[%emt 0:01:03]} b6 {[%emt 0:00:35]} 18. g3 {[%emt 0:02:05]} Nf8 {[%emt 0:05:02]} 19. f4 {[%emt 0:03:48]} exf4 {[%emt 0:00:28]} 20. gxf4 {[%emt 0:00:11]} Kf7 {[%emt 0:00:07]} 21. Rf1 {[%emt 0:11:10]} Re8 {[%emt 0:13:21]} 22. Nd4 {[%emt 0:09:21]} Ne6 {[%emt 0:06:19]} 23. Nc6 {[%emt 0:03:51]} Nd8 {[%emt 0:04:32]} 24. Nd4 {[%emt 0:00:43]} Ne6 {[%emt 0:00:18]} 25. Nc6 {[%emt 0:00:05]} Nd8 {[%emt 0:00:04]} 26. Nd4 {[%emt 0:04:15] A rather calm draw.   Weighted Error Value: White=0.02 (flawless) /Black=0.02 (flawless)} 1/2-1/2

[Event "Tata Steel Tienkampen 2023"]
[Site "Wijk aan Zee"]
[Date "2023.01.21"]
[Round "2.2"]
[White "Culum, Sanjin"]
[Black "Van der Werf, Mark"]
[Result "1-0"]
[WhiteElo "2242"]
[BlackElo "2412"]
[Annotator "TA"]
[PlyCount "73"]
[EventDate "2023.01.20"]
[EventType "swiss"]
[EventCountry "NED"]
[SourceTitle "playchess.com"]
[Source "ChessBase"]
[SourceQuality "1"]

{[%evp 14,73,14,12,14,0,0,0,0,0,0,3,0,0,0,0,7,0,15,21,2,0,0,0,0,0,0,0,3,10,29,1,143,142,137,143,137,138,127,131,267,237,372,236,214,213,345,345,496,488,483,231,815,814,795,665,1606,1500,1267,1046,845,830]} 1. e4 {[%emt 0:00:05]} e5 {[%emt 0:00:09]} 2. Nf3 {[%emt 0:00:15]} Nc6 {[%emt 0:00:07]} 3. Bc4 {[%emt 0:00:13]} Nf6 {[%emt 0:00:07]} 4. d3 {[%emt 0:00:06][%cal Bd2d3,Bd3d4][%mdl 32]} Bc5 {[%emt 0:00:05]} 5. c3 {[%emt 0:00:13]} d6 {[%emt 0:00:14]} 6. O-O {[%emt 0:00:14]} h6 {[%emt 0:00:32]} 7. Re1 {[%emt 0:01:26]} O-O {[%emt 0:01:38]} 8. h3 {[%emt 0:00:18]} a5 {[%emt 0:00:10] 8...Bb6 is the recent fashion. C54: Giuoco Piano: 4 c3 Nf6, main lines with 5 d4 and 5 d3.} 9. d4 {[%emt 0:01:03]} Ba7 {[%emt 0:03:24][%cal Of6e4]} 10. Bb3 {[%emt 0:00:31]} Re8 {[%emt 0:05:59] The position is equal.} 11. Bc2 {[%emt 0:00:06]} b5 {[%emt 0:07:41]} 12. a4 {[%emt 0:00:49]} b4 {[%emt 0:00:31]} 13. Be3 {[%emt 0:06:34]} bxc3 {[%emt 0:10:13] [#]} 14. bxc3 $146 {[%emt 0:00:29]} ({Predecessor:} 14. Nxc3 exd4 15. Nxd4 Nb4 16. Rc1 Bb7 17. Nf5 Bxe3 18. Rxe3 Bc8 19. Nd4 c6 20. Qd2 {0-1 Goganov,A (2549)-Petrov,N (2561) Anapa Sea Harbor Cup 2022 (9)}) 14... exd4 {[%emt 0:04:35]} 15. cxd4 {[%emt 0:01:08]} Nb4 {[%emt 0:00:07]} (15... Nxe4 16. d5 $16) 16. Nc3 {[%emt 0:00:15]} Bb7 {[%emt 0:08:53]} (16... Nxc2 {with more complications.} 17. Qxc2 Nxe4 18. Bxh6 Bf5) 17. d5 {[%emt 0:04:47]} c6 {[%emt 0:10:02]} 18. dxc6 {[%emt 0:31:56]} Bxc6 {[%emt 0:00:13]} 19. Bxa7 {[%emt 0:01:45]} Rxa7 {[%emt 0:00:12]} 20. Nd4 {[%emt 0:01:13]} Rc7 {[%emt 0:06:55]} 21. Bb1 {[%emt 0:07:57]} Bb7 {[%emt 0:18:48]} 22. Ra3 {[%emt 0:09:33]} Rc4 {[%emt 0:11:01] [#]} (22... g6 $11) 23. Nf5 $1 $16 {[%emt 0:02:38]} Re6 {[%emt 0:06:14] [#]} (23... Nxe4 $2 24. Nxe4 Rexe4 25. Bxe4 Rxe4 26. Rg3 $18 (26. Qxd6 $2 {is the wrong capture.} Qxd6 27. Nxd6 Rxe1+ $19)) 24. e5 $1 {[%emt 0:01:59][%mdl 512]} Ne8 {[%emt 0:00:23] [#]} 25. exd6 $1 {[%emt 0:04:12]} Rxe1+ {[%emt 0:01:56]} 26. Qxe1 {[%emt 0:00:05] Nb5 is the strong threat.} Nf6 {[%emt 0:00:49] Black cannot hold the game after this.} (26... Nxd6 $2 27. Nxd6 Rc7 28. Nxb7 Rxb7 29. Qe4 $18) (26... Bc6 $16) 27. Nb5 {[%emt 0:02:18] Hoping for Rg3.} Bc8 {[%emt 0:03:02]} (27... Be4 $142 28. Ne7+ Kh8) 28. Rc3 {[%emt 0:02:38]} Rxc3 {[%emt 0:02:19]} 29. Qxc3 {[%emt 0:00:06] Strongly threatening Ne7+.} Be6 {[%emt 0:01:56]} (29... Nbd5 {is a better defense.} 30. Qc5 Bxf5 31. Bxf5 g6) 30. Qc7 $18 {[%emt 0:03:12]} Qa8 {[%emt 0:00:50]} (30... Qxc7 $142 31. dxc7 Nbd5) 31. Ne7+ {[%emt 0:04:09]} Kf8 {[%emt 0:01:13]} 32. Bf5 {[%emt 0:01:07]} (32. Nd4 $142 {Threatening mate with Nxe6+.} Nbd5 33. Nxd5 Nxd5 34. Nxe6+ fxe6 35. Qd7) 32... Nbd5 $2 {[%emt 0:03:06]} (32... Bxf5 33. Nxf5 Nbd5) 33. Nxd5 {[%emt 0:01:42] White is clearly winning.} Nxd5 {[%emt 0:00:08]} 34. Bxe6 {[%emt 0:01:13][%csl Ge6][%cal Rc7f7]} (34. Qc2 Nb4 35. Qb1 Qd5 36. Bxe6 fxe6 $16) 34... Nxc7 {[%emt 0:02:00]} 35. dxc7 {[%emt 0:00:04]} fxe6 {[%emt 0:00:05]} 36. Nd6 {[%emt 0:00:09]} Ke7 {[%emt 0:00:51]} 37. c8=Q {[%emt 0:00:10] Weighted Error Value: White=0.23 (precise) /Black=0.42} (37. c8=B Kxd6 38. Bxe6 Kxe6 39. f3 Qa7+ 40. Kh2 Qf2 41. f4 Kf5 42. Kh1 Qf1+ 43. Kh2 Kxf4 44. h4 h5 45. g4 hxg4 46. h5 g3#) 1-0

[Event "Tata Steel Tienkampen 2023"]
[Site "Wijk aan Zee"]
[Date "2023.01.21"]
[Round "2.3"]
[White "Pham, Khoi"]
[Black "Martins, Vinicius Tine"]
[Result "1-0"]
[WhiteElo "2353"]
[BlackElo "2320"]
[Annotator "TA"]
[PlyCount "117"]
[EventDate "2023.01.20"]
[EventType "swiss"]
[EventCountry "NED"]
[SourceTitle "playchess.com"]
[Source "ChessBase"]
[SourceQuality "1"]

{[%evp 9,117,17,19,14,24,18,24,3,8,6,14,8,15,0,0,0,14,-24,-14,-34,12,19,15,16,18,11,30,-29,-2,-73,-68,-81,-83,-70,-83,-74,-89,-95,-89,-85,-100,-147,0,0,0,-72,-17,-97,-50,-43,-60,-59,-48,-54,-47,-49,-50,-60,-45,-51,0,-201,0,0,0,0,128,107,122,126,121,53,59,68,69,31,193,181,557,604,629,522,648,557,657,625,604,557,906,0,0,0,0,0,947,0,0,0,2100,1780,1600,1499,12829,12829,12825,2948,12842,12843,12843,12843]} 1. e4 {[%emt 0:00:03]} e5 {[%emt 0:00:20]} 2. Nf3 {[%emt 0:00:06]} Nc6 {[%emt 0:00:08]} 3. Bb5 {[%emt 0:00:12]} Nf6 {[%emt 0:00:14]} 4. d3 {[%emt 0:00:21]} Bc5 {[%emt 0:00:16]} 5. Bxc6 {[%emt 0:00:34]} dxc6 {[%emt 0:00:56]} 6. O-O {[%emt 0:00:12] C65: Ruy Lopez: Berlin Defence (3...Nf6), unusual lines and 4 0-0 Bc5.} Qe7 {[%emt 0:00:24]} 7. Nbd2 {[%emt 0:00:27]} Bg4 {[%emt 0:01:18]} 8. h3 {[%emt 0:00:12] White has an edge.} Bh5 {[%emt 0:00:39]} 9. a3 {[%emt 0:00:17][%cal Ba2a3,Ba3a4,Ba4a5][%mdl 32]} Nd7 {[%emt 0:13:53]} 10. b4 {[%emt 0:02:20]} Bb6 {[%emt 0:02:45]} 11. Nc4 {[%emt 0:05:48]} f6 {[%emt 0:01:02]} 12. a4 {[%emt 0:02:44]} a6 {[%emt 0:26:36] [#]} (12... Qxb4 $5 13. Ba3 Qxa4 $11) 13. a5 $146 {[%emt 0:00:51]} ({Predecessor:} 13. c3 Ba7 14. Qe2 Nf8 15. Be3 Bxe3 16. Qxe3 Bxf3 17. Qxf3 Ne6 18. Rfd1 O-O 19. Ne3 {½-½ Olofsson,D (2500)-Blanco Gramajo,C (2484) W-ch40 q01 email 2020}) 13... Ba7 {[%emt 0:02:43]} 14. c3 {[%emt 0:01:29]} O-O {[%emt 0:02:04]} (14... O-O-O $15 {deserves consideration.}) 15. Ne3 $11 {[%emt 0:04:04]} Rfd8 {[%emt 0:08:18]} (15... Bxe3 {simplifies} 16. Bxe3 Rad8 17. Qe2 Rfe8) 16. Nf5 {[%emt 0:05:25]} Qe8 {[%emt 0:02:19]} 17. g4 {[%emt 0:02:32]} Bg6 {[%emt 0:01:53]} 18. N3h4 {[%emt 0:11:14]} (18. Qe2 $142) 18... Nf8 {[%emt 0:02:16]} (18... Bxf5 {simplifies} 19. Nxf5 Nf8 20. Qf3 Rd7) 19. g5 {[%emt 0:11:48]} (19. Be3 $11) 19... Bh5 $1 $17 {[%emt 0:04:57]} 20. Qc2 {[%emt 0:06:00]} fxg5 {[%emt 0:17:42]} 21. Bxg5 {[%emt 0:00:37]} Rd7 $1 {[%emt 0:00:11]} 22. Kh2 {[%emt 0:01:42]} Ne6 {[%emt 0:04:32]} 23. Rg1 {[%emt 0:01:59]} Kh8 $1 {[%emt 0:02:56]} 24. Qd2 {[%emt 0:30:40][%cal Of5g7]} Qf7 {[%emt 0:05:07]} 25. Be3 {[%emt 0:05:25]} (25. Rg2 $142) 25... Bxe3 {[%emt 0:01:49]} (25... Qf6 $1 $17 {Hoping for ...Bxe3.} 26. Bxa7 Rxa7) 26. fxe3 $11 {[%emt 0:00:10]} g6 {[%emt 0:02:31]} 27. Ng3 {[%emt 0:00:37]} (27. Raf1 $1 $11 {remains equal.}) 27... Qf6 {[%emt 0:03:51]} (27... Qe7 $17 28. Qa2 Re8) 28. Nhf5 {[%emt 0:04:17]} (28. Ng2 $1 $11) 28... gxf5 {[%emt 0:00:36]} (28... Bf3 $17 29. Qf2 Ng5) 29. Nxh5 $15 {[%emt 0:00:09]} Qh4 $36 {[%emt 0:00:43][%csl LRe4,LRh5][%mdl 2048] White is under pressure.} 30. exf5 {[%emt 0:00:36]} Ng5 {[%emt 0:00:02][%csl Gg5][%cal Rh4h3]} 31. Qg2 {[%emt 0:04:14]} Rxd3 {[%emt 0:00:28][%cal Od3d2] ...Rd2! is the strong threat.} 32. Qg4 {[%emt 0:00:13]} Rd2+ $1 {[%emt 0:01:23]} 33. Rg2 {[%emt 0:00:09][%cal Bg1g2,Bg2a2,Ba2d2][%mdl 32]} Qxg4 {[%emt 0:00:55]} 34. hxg4 {[%emt 0:00:04]} Rad8 {[%emt 0:00:29]} (34... Rd3 $15 35. Rc1 Rad8) 35. Ra2 $2 {[%emt 0:03:37]} (35. Rxd2 $11 {and White is okay.} Rxd2+ 36. Kg3) 35... Rxa2 $2 {[%emt 0:00:24]} (35... R2d3 $19 36. Rge2 Rxc3) 36. Rxa2 $19 {[%emt 0:00:05][%mdl 4096] Endgame KRN-KRN} Rd3 {[%emt 0:00:11][%csl LRc3,LRe3]} 37. Kg2 {[%emt 0:02:12]} e4 {[%emt 0:01:18]} (37... Kg8 $11) 38. Kg3 $16 {[%emt 0:02:10]} Rxc3 {[%emt 0:00:36][%cal Oh7h6]} 39. Kf4 {[%emt 0:00:07]} h6 {[%emt 0:00:20]} 40. Rd2 {[%emt 0:01:22]} (40. Rh2 $1 $16) 40... Rd3 $14 {[%emt 0:00:19]} 41. Rc2 {[%emt 0:00:40]} Nf7 {[%emt 0:22:37]} 42. Nf6 {[%emt 0:04:39]} (42. Kxe4 Rb3 $11) (42. Rc4 $5 {[%cal Rc4e4]}) 42... Nd6 $2 {[%emt 0:07:40]} (42... Rd1 $1 $14) 43. Nxe4 $18 {[%emt 0:07:32]} Rb3 $2 {[%emt 0:00:25]} (43... Rd1 {is a better chance.} 44. Kf3 Nf7) 44. Nxd6 {[%emt 0:01:51]} cxd6 {[%emt 0:00:04] KR-KR} 45. Rc4 {[%emt 0:00:08]} Kg7 {[%emt 0:09:29]} 46. Rd4 {[%emt 0:00:32]} d5 {[%emt 0:00:56]} 47. e4 {[%emt 0:00:45]} dxe4 {[%emt 0:01:39]} 48. Ke5 {[%emt 0:15:20]} ({Weaker is} 48. Rxe4 Kf8 49. Ke5 Ke7 50. Kd4+ Kd6 $18) ({Less strong is} 48. Kxe4 Kf6 49. Rd6+ Ke7 50. Rxh6 Rxb4+ 51. Ke5 Rxg4 $18) 48... e3 {[%emt 0:01:16]} 49. Ke6 $2 {[%emt 0:05:35]} (49. Rd7+ $1 $18 Kg8 50. Kf6 (50. Rd8+ Kg7 $11)) 49... e2 $1 $11 {[%emt 0:00:39]} 50. Re4 {[%emt 0:00:03]} Rxb4 $1 {[%emt 0:00:44][%mdl 64] Decoy, Promotion} 51. Rxe2 {[%emt 0:00:06] Black must now prevent Ke7.} Kf8 {[%emt 0:00:32][%mdl 8192]} (51... Rf4 $11) 52. Rg2 $2 {[%emt 0:01:45]} ({White has to play} 52. Rd2 $1 $18 {[%cal Rd2d8]} Re4+ 53. Kf6) 52... c5 {[%emt 0:00:38]} 53. Kf6 {[%emt 0:00:28] And now Kg6 would win.} Rd4 $2 {[%emt 0:00:28][%mdl 8192] [#]} (53... b5 $11) 54. Kg6 $1 $18 {[%emt 0:00:12] White is clearly winning.} Rd6+ {[%emt 0:00:26]} 55. f6 {[%emt 0:00:06][%cal Og2h2] Rh2! would be deadly.} c4 {[%emt 0:00:37]} 56. Rc2 {[%emt 0:02:36]} Rd4 {[%emt 0:00:30] [#]} 57. g5 $1 {[%emt 0:00:58]} hxg5 {[%emt 0:00:33]} 58. Rh2 {[%emt 0:00:06][%cal Rh2h8]} Rh4 {[%emt 0:00:32] Prevents Rh8+} 59. Rd2 {[%emt 0:00:05] Weighted Error Value: White=0.49/Black=0.36} 1-0

[Event "Tata Steel Tienkampen 2023"]
[Site "Wijk aan Zee"]
[Date "2023.01.21"]
[Round "2.4"]
[White "Van Dael, Siem"]
[Black "Zwirs, Nico"]
[Result "0-1"]
[WhiteElo "2291"]
[BlackElo "2467"]
[Annotator "TA"]
[PlyCount "70"]
[EventDate "2023.01.20"]
[EventType "swiss"]
[EventCountry "NED"]
[SourceTitle "playchess.com"]
[Source "ChessBase"]
[SourceQuality "1"]

{[%evp 20,70,0,14,22,7,8,10,41,40,39,38,41,40,41,43,39,31,39,0,0,0,0,-20,-13,-52,-45,-50,-41,-89,-89,-98,-102,-94,0,-3,0,-72,-68,-83,-70,-230,-221,-241,-203,-171,-119,-462,-456,-720,-693,-1349,-1328]} 1. e4 {[%emt 0:00:12]} c5 {[%emt 0:00:04]} 2. Nf3 {[%emt 0:00:06]} d6 {[%emt 0:00:03]} 3. d4 {[%emt 0:00:07]} cxd4 {[%emt 0:00:02]} 4. Nxd4 {[%emt 0:00:09]} Nf6 {[%emt 0:00:03]} 5. Nc3 {[%emt 0:00:09]} a6 {[%emt 0:00:04]} 6. Be3 {[%emt 0:00:06]} e5 {[%emt 0:00:11]} 7. Nb3 {[%emt 0:00:06]} Be7 {[%emt 0:00:05]} 8. f3 {[%emt 0:00:06]} Be6 {[%emt 0:00:04]} 9. Qd2 {[%emt 0:00:06]} h5 {[%emt 0:00:30]} 10. O-O-O {[%emt 0:00:36]} Nbd7 {[%emt 0:00:10]} 11. Kb1 {[%emt 0:00:13]} Qc7 {[%emt 0:00:11] B90: Sicilian Najdorf: Unusual White 6th moves, 6 Be3 Ng4 and 6 Be3 e5.} 12. h4 {[%emt 0:02:22]} b5 {[%emt 0:16:57]} 13. Nd5 {[%emt 0:11:25] [#]} Nxd5 $146 {[%emt 0:00:15] The position is equal.} ({Predecessor:} 13... Bxd5 14. exd5 Nb6 15. Bxb6 Qxb6 16. Na5 Rc8 17. Bd3 b4 18. Nc4 Qc5 19. Rhe1 Rc7 {½-½ Wosch,A (2379)-Kahl,F (2394) ST-2020-0-00154}) 14. exd5 {[%emt 0:00:07]} Bf5 {[%emt 0:00:04]} 15. Bd3 {[%emt 0:00:33]} Bxd3 {[%emt 0:00:06]} 16. Qxd3 {[%emt 0:00:05]} Rc8 {[%emt 0:01:19]} 17. Nd2 {[%emt 0:01:07]} Qb7 {[%emt 0:46:57]} 18. Ne4 {[%emt 0:04:28]} Nf6 {[%emt 0:10:09]} 19. Nxf6+ {[%emt 0:02:33]} (19. g4 $5 {[%cal Re4f6]}) 19... Bxf6 {[%emt 0:00:20]} 20. Bg5 {[%emt 0:00:07]} Rc4 {[%emt 0:16:35]} 21. g3 {[%emt 0:11:41]} Be7 {[%emt 0:13:37]} 22. b3 {[%emt 0:40:15]} Rd4 $1 {[%emt 0:00:57]} 23. Qe2 {[%emt 0:08:20] [#] Rxd4 is the strong threat.} Rxd5 {[%emt 0:01:49]} 24. Rxd5 {[%emt 0:04:02]} (24. Bxe7 $15 {should be considered.} Kxe7 25. f4) 24... Qxd5 $17 25. Rd1 {[%emt 0:00:15]} Qc6 {[%emt 0:00:03]} 26. Qd3 {[%emt 0:02:25]} g6 {[%emt 0:01:37]} (26... f6 $17 27. Bd2 Kf7) 27. f4 $11 {[%emt 0:00:28]} Bxg5 {[%emt 0:00:56]} (27... e4 $5 28. Qd4 $8 Rf8 $11) 28. hxg5 {[%emt 0:00:15][%mdl 4096] Endgame KQR-KQR} (28. fxg5 $11 {keeps the balance.} Ke7 29. Qf1) 28... O-O {[%emt 0:00:21]} (28... exf4 {simplifies} 29. gxf4 O-O 30. Rf1 d5) 29. f5 {[%emt 0:01:48] [#]} e4 $1 {[%emt 0:00:16][%cal Be5e4,Be4e3][%mdl 32]} 30. Qd4 {[%emt 0:00:22]} (30. Qe2 $1 $15) 30... Rc8 $19 {[%emt 0:00:44]} ({Worse is} 30... gxf5 31. Rc1) 31. c4 {[%emt 0:03:30]} gxf5 {[%emt 0:00:30][%cal Rb5c4]} 32. Qf6 {[%emt 0:00:35] Black must now prevent g6.} d5 {[%emt 0:00:04]} ({And not} 32... bxc4 33. g6 Qe8 34. gxf7+ Qxf7 35. Qg5+ Qg7 36. Qxf5 $11) (32... Qe8 $19 33. Qxf5 e3 34. cxb5 axb5) 33. Qxf5 $2 {[%emt 0:00:05][%mdl 8192]} (33. Rxd5 $17 {nothing else works.} Qxf6 34. gxf6) 33... dxc4 {[%emt 0:00:47] Black is clearly winning.} (33... bxc4 $2 {is the wrong capture.} 34. g6 fxg6 35. Qxd5+ Qxd5 36. Rxd5 $19) 34. Rc1 {[%emt 0:06:50]} (34. Rf1 $142 Rf8 35. Qf6 Qxf6 36. Rxf6) 34... e3 {[%emt 0:00:15]} 35. Rc2 {[%emt 0:00:34]} Re8 {[%emt 0:00:34] Weighted Error Value: White=0.77/Black=0.12 (very precise)} 0-1

[Event "Tata Steel Tienkampen 2023"]
[Site "Wijk aan Zee"]
[Date "2023.01.21"]
[Round "2.5"]
[White "De Winter, Arthur"]
[Black "Beukema, Stefan"]
[Result "1-0"]
[WhiteElo "2371"]
[BlackElo "2411"]
[Annotator "TA"]
[PlyCount "37"]
[EventDate "2023.01.20"]
[EventType "swiss"]
[EventCountry "NED"]
[SourceTitle "playchess.com"]
[Source "ChessBase"]
[SourceQuality "1"]

{[%evp 16,37,0,0,0,-12,-16,0,35,16,38,33,48,39,67,45,73,8,121,100,90,99,454,452]} 1. e4 {[%emt 0:00:06]} e5 {[%emt 0:00:07]} 2. Nf3 {[%emt 0:00:03]} Nc6 {[%emt 0:00:08]} 3. d4 {[%emt 0:00:03]} exd4 {[%emt 0:01:29]} 4. Bc4 {[%emt 0:00:05]} Bc5 {[%emt 0:00:23]} 5. Ng5 {[%emt 0:00:06]} Nh6 {[%emt 0:08:50]} 6. Nxf7 {[%emt 0:00:06]} Nxf7 {[%emt 0:00:06]} 7. Bxf7+ {[%emt 0:00:02]} Kxf7 {[%emt 0:00:10]} 8. Qh5+ {[%emt 0:00:02]} g6 {[%emt 0:00:46]} 9. Qxc5 {[%emt 0:00:04]} d6 {[%emt 0:01:13] C44: Ponziani Opening and Scotch Gambit.} 10. Qb5 {[%emt 0:06:26] 10.Qc4+ gains popularity.} Re8 {[%emt 0:03:07]} 11. O-O {[%emt 0:05:59]} Qf6 {[%emt 0:04:50] The position is equal.} 12. Nd2 {[%emt 0:09:24][%cal Bb1d2,Bd2f3,Bf3g5,Bg5h7][%mdl 32]} a6 {[%emt 0:01:26]} 13. Qd3 {[%emt 0:02:52]} Be6 {[%emt 0:02:12]} 14. Nf3 {[%emt 0:05:59] [#]} d5 $146 {[%emt 0:07:59]} ({Predecessor:} 14... Kg8 15. Bg5 Qf7 16. b3 Qg7 17. Rad1 Bg4 18. h3 Bxf3 19. Qxf3 Qe5 20. Qg4 Qxe4 {0-1 Weissmann,P (1768)-Dietze,S (2151) Seebach op 14th 2003 (1)}) 15. Ng5+ {[%emt 0:20:46]} Kg8 {[%emt 0:02:14] [#]} 16. Bd2 {[%emt 0:03:47]} ({Better is} 16. Qg3 $1 $16) 16... Rad8 {[%emt 0:02:19]} (16... h6 $11 17. Nxe6 dxe4 18. Qxe4 Rxe6) 17. Rfe1 {[%emt 0:06:25]} Kg7 {[%emt 0:17:05]} 18. Qg3 {[%emt 0:06:31]} Ne5 $2 {[%emt 0:01:02][%mdl 8192] [#]} (18... Bg8 $16) 19. Nxh7 $1 {[%emt 0:06:49][%mdl 576] Clearance.   Weighted Error Value: White=0.12 (very precise) /Black=0.76} 1-0

[Event "Tata Steel Tienkampen 2023"]
[Site "Wijk aan Zee"]
[Date "2023.01.22"]
[Round "3.1"]
[White "Van der Werf, Mark"]
[Black "Van Dael, Siem"]
[Result "1/2-1/2"]
[WhiteElo "2412"]
[BlackElo "2291"]
[Annotator "TA"]
[PlyCount "106"]
[EventDate "2023.01.20"]
[EventType "swiss"]
[EventCountry "NED"]
[SourceTitle "playchess.com"]
[Source "ChessBase"]
[SourceQuality "1"]

{[%evp 23,106,38,38,38,36,38,39,33,59,62,49,38,66,58,82,100,99,104,99,112,106,105,89,81,112,101,158,139,147,0,128,118,133,121,114,130,128,53,59,41,49,34,58,0,17,0,12,-25,-22,-20,0,-14,-6,-8,-7,-43,-14,-21,0,0,0,-21,-10,-114,-50,-40,0,0,0,-36,0,0,0,-26,-33,-23,0,-20,0,0,0,-27,0,0,74]} 1. d4 {[%emt 0:00:03]} Nf6 {[%emt 0:00:38]} 2. c4 {[%emt 0:00:05]} g6 {[%emt 0:00:04]} 3. Nc3 {[%emt 0:00:04]} Bg7 {[%emt 0:00:04]} 4. e4 {[%emt 0:00:05]} d6 {[%emt 0:00:06]} 5. Nf3 {[%emt 0:00:05]} O-O {[%emt 0:00:06]} 6. Be2 {[%emt 0:00:04]} e5 {[%emt 0:00:33]} 7. Be3 {[%emt 0:00:06]} Ng4 {[%emt 0:00:04]} 8. Bg5 {[%emt 0:00:07]} f6 {[%emt 0:00:04]} 9. Bh4 {[%emt 0:00:06]} Nc6 {[%emt 0:00:05]} 10. d5 {[%emt 0:00:13]} Ne7 {[%emt 0:00:06]} 11. Nd2 {[%emt 0:00:40]} f5 {[%emt 0:00:06]} 12. Bxg4 {[%emt 0:00:55]} fxg4 {[%emt 0:00:05]} 13. Bg5 {[%emt 0:00:21] E92: King's Indian: Classical: 6 Be2 e5: 7 dxe5, 7 Be3 and Petrosian System without 7...Nbd7.} h6 {[%emt 0:00:21]} 14. Be3 {[%emt 0:00:05]} c5 {[%emt 0:00:03]} 15. Rb1 {[%emt 0:03:00] [#] White is slightly better.} Bd7 $146 {[%emt 0:12:14]} ({Predecessor:} 15... b6 16. b4 g5 17. bxc5 bxc5 18. Qa4 a5 19. Qb5 Ra6 20. Na4 Ng6 21. Nb6 Nf4 {1-0 Ivanchuk,V (2678)-Kamsky,G (2674) Kamsky-Ivanchuk Blitz m 2020 (13)}) 16. b4 {[%emt 0:03:21]} b6 {[%emt 0:01:03]} 17. O-O {[%emt 0:03:03]} Kh7 {[%emt 0:08:24]} 18. bxc5 {[%emt 0:01:41]} dxc5 {[%emt 0:03:45]} 19. a4 {[%emt 0:02:47][%cal Ba2a4,Ba4a5][%mdl 32]} Nc8 {[%emt 0:00:49] [#]} 20. a5 $1 {[%emt 0:03:03]} Nd6 {[%emt 0:10:04]} 21. Qb3 {[%emt 0:01:04][%cal Ra5b6]} Rb8 {[%emt 0:05:45]} 22. Rb2 {[%emt 0:06:07]} Qc7 {[%emt 0:04:24]} 23. Rfb1 {[%emt 0:03:13]} Rb7 {[%emt 0:02:03]} 24. Qa3 {[%emt 0:03:39]} h5 {[%emt 0:09:32]} (24... Rc8 $142) 25. Ne2 {[%emt 0:07:15]} Rc8 {[%emt 0:05:33]} 26. Nc3 {[%emt 0:04:53] Prevents b5.} Rf8 {[%emt 0:13:54]} 27. Rb3 {[%emt 0:04:30]} Bh6 {[%emt 0:01:40]} 28. Bxh6 {[%emt 0:01:07]} Kxh6 {[%emt 0:00:07]} 29. Ne2 {[%emt 0:06:12]} b5 {[%emt 0:14:48]} 30. cxb5 {[%emt 0:09:10]} (30. Qb2 $16) 30... Bxb5 {[%emt 0:00:21]} 31. Nc3 {[%emt 0:13:55][%cal Rc3b5]} a6 {[%emt 0:02:46]} 32. Nd1 {[%emt 0:01:29]} Rf4 {[%emt 0:02:36]} 33. Qc1 {[%emt 0:05:40]} (33. Re3 $14) 33... Kh7 {[%emt 0:02:29]} (33... Qxa5 $2 34. g3 Nxe4 35. Rc3 $18 (35. gxf4 Qxd2 36. fxe5 Kg7 $11)) 34. g3 {[%emt 0:03:41]} Rf7 {[%emt 0:02:08]} 35. Rc3 {[%emt 0:06:17]} c4 {[%emt 0:07:03]} ({Don't play} 35... Qxa5 36. Nb3 Qb6 37. Nxc5 $14) 36. Qa3 {[%emt 0:00:50]} Qd8 {[%emt 0:00:54]} 37. Ne3 {[%emt 0:02:29]} Rbc7 {[%emt 0:00:48]} 38. Rf1 {[%emt 0:02:31]} Kg8 {[%emt 0:02:51]} 39. Qa1 {[%emt 0:03:17]} Rf8 {[%emt 0:01:06]} (39... Qb8 {is more complex.} 40. Kg2 Qa7 41. Nc2 Rc8) 40. Qa2 {[%emt 0:02:44]} Qc8 {[%emt 0:00:49]} 41. Qa3 {[%emt 0:07:33]} Rf6 {[%emt 0:08:41]} 42. Qb4 {[%emt 0:03:52]} Qf8 {[%emt 0:01:47]} 43. Ng2 {[%emt 0:03:10]} (43. Nd1 $11) 43... Rcf7 {[%emt 0:09:58]} (43... Qa8 $17 44. Ne3 Qa7) 44. Qc5 $15 {[%emt 0:01:22]} Qd8 {[%emt 0:00:25]} 45. Qb6 {[%emt 0:04:01]} Qf8 {[%emt 0:05:45][%cal Od6f5] Strongly threatening ...Nf5!} 46. Qc5 {[%emt 0:00:14]} Kh7 {[%emt 0:03:12]} 47. Qe3 {[%emt 0:05:24]} Kg7 {[%emt 0:09:51]} 48. Qc5 {[%emt 0:07:20]} Qd8 {[%emt 0:00:12]} 49. Qb6 {[%emt 0:00:17]} Qf8 {[%emt 0:00:04][%cal Od6f5] [#] Threatens to win with ...Nf5!} (49... Qc8 $5 50. Qe3 $8 Qc7 $11) 50. Qc5 {[%emt 0:00:09]} Kg8 {[%emt 0:02:38]} 51. Qe3 {[%emt 0:00:30]} Kg7 {[%emt 0:01:07]} 52. Qc5 {[%emt 0:00:13]} Kg8 {[%emt 0:00:20]} 53. Qe3 Rf3 {[%emt 0:00:01] White really could win this.   Weighted Error Value: White=0.16 (very precise) /Black=0.14 (very precise)} 1/2-1/2